00253nam a2200109Ia 4500008004100000100002000041245001900061250001200080260002400092300000800116650001900124190216s9999||||xx |||||||||||||| ||und|| aPothery Uthaman 0aStray Thoughts a1st Ed. bPenguin Booksc1987 a70p aEnglish Poetry